[Event "Koege Lang Sommer Weekend 2020"]
[Site "Koge"]
[Date "2020.07.25"]
[Round "4"]
[White "Andersen, Daniel"]
[Black "Leonhardsen, Vebjorn Maanum"]
[Result "0-1"]
[WhiteElo "1747"]
[BlackElo "1836"]
[EventDate "2020.07.??"]
[EventType "swiss"]
[EventRounds "7"]
[EventCountry "DEN"]

1. c4 e6 2. Nc3 d5 3. d4 Nf6 4. Bf4 Be7 5. e3 O-O 6. c5 c6 7. Bd3 Nbd7 8. h3 b6
9. b4 a5 10. a3 Ba6 11. Bxa6 Rxa6 12. Nf3 Qa8 13. O-O axb4 14. axb4 b5 15. Qb1
Qa7 16. Nd2 Ra8 17. Nb3 Bd8 18. Qb2 Ne4 19. Rxa6 Qxa6 20. Ra1 Qb7 21. Rxa8 Qxa8
22. Qa2 Qb7 23. Nxe4 dxe4 24. Nd2 g5 25. Bg3 Nf6 26. Be5 Nd5 27. Qa3 f5 28. f3
exf3 29. gxf3 Bc7 30. e4 Bxe5 31. dxe5 Nf4 32. Kh2 Qd7 33. Qe3 Qd3 34. Qxd3
Nxd3 35. exf5 exf5 36. e6 Nxb4 37. Nb3 Nd5 38. Kg3 Kg7 39. Nd4 Ne7 40. f4 h6
41. h4 g4 42. h5 Kf6 43. Kf2 b4 44. Ke2 b3 0-1

[Event "Koege Lang Sommer Weekend 2020"]
[Site "Koge"]
[Date "2020.07.25"]
[Round "4"]
[White "Koch Mueller, Oscar"]
[Black "Kaergaard, Sissel"]
[Result "1-0"]
[WhiteElo "1939"]
[BlackElo "1638"]
[EventDate "2020.07.??"]
[EventType "swiss"]
[EventRounds "7"]
[EventCountry "DEN"]

1. d4 d5 2. c4 c6 3. Nc3 Nf6 4. e3 Bf5 5. Nf3 Nbd7 6. Nh4 Bg6 7. Nxg6 hxg6 8.
Bd3 e6 9. f4 Bb4 10. O-O O-O 11. Bd2 Re8 12. Rf3 c5 13. Nb5 Bxd2 14. Qxd2 Qb6
15. a4 a6 16. dxc5 Qxc5 17. b4 Qc6 18. cxd5 Nxd5 19. Rc1 Qb6 20. a5 Qd8 21. Nd6
Re7 22. e4 N7f6 23. e5 Ng4 24. Be4 b6 25. axb6 Qxb6+ 26. Kh1 Rb8 27. Bxd5 exd5
28. Nc8 Qd8 29. Nxe7+ Qxe7 30. Qxd5 Qxb4 31. e6 fxe6 32. Qxe6+ Kh7 33. Qxg4 1-0

[Event "Koege Lang Sommer Weekend 2020"]
[Site "Koge"]
[Date "2020.07.25"]
[Round "4"]
[White "Loveid, Erik"]
[Black "Nielsen, Leo Kresten Roland"]
[Result "1-0"]
[WhiteElo "1844"]
[BlackElo "1652"]
[EventDate "2020.07.??"]
[EventType "swiss"]
[EventRounds "7"]
[EventCountry "DEN"]

1. d4 g6 2. e4 Bg7 3. Nc3 c6 4. Nf3 Nf6 5. e5 Nd5 6. Nxd5 cxd5 7. Bd3 Nc6 8. c3
d6 9. exd6 Qxd6 10. O-O Bg4 11. h3 Be6 12. Be3 Bd7 13. Qd2 e5 14. dxe5 Nxe5 15.
Nxe5 Bxe5 16. Rfe1 O-O 17. Bc2 Rfe8 18. Rad1 Bc6 19. Bb3 Bh2+ 20. Kh1 Re5 21.
f4 Bxf4 22. Bxf4 Rxe1+ 23. Rxe1 Qd7 24. Qd4 Re8 25. Rxe8+ Qxe8 26. Bh6 f6 27.
Qxf6 Qf7 28. Qd8+ Qe8 29. Bxd5+ 1-0

[Event "Koege Lang Sommer Weekend 2020"]
[Site "Koge"]
[Date "2020.07.25"]
[Round "4"]
[White "Mollasoltani, Aryan"]
[Black "Saravana, Vedant Kumar"]
[Result "0-1"]
[WhiteElo "1439"]
[BlackElo "1718"]
[EventDate "2020.07.??"]
[EventType "swiss"]
[EventRounds "7"]
[EventCountry "DEN"]

1. e4 e5 2. Nf3 Nc6 3. Bc4 Bc5 4. c3 Nf6 5. d3 h6 6. O-O d6 7. h3 Bb6 8. Re1
O-O 9. d4 exd4 10. cxd4 d5 11. exd5 Nxd5 12. Nc3 Be6 13. Nxd5 Bxd5 14. Bxd5
Qxd5 15. Be3 Rfd8 16. b3 Rd7 17. Rc1 Rc8 18. Ne5 Nxe5 19. dxe5 Bxe3 20. fxe3
Qxd1 21. Rexd1 Rxd1+ 22. Rxd1 Kf8 23. Kf2 Ke7 24. Kf3 Rd8 25. Rd4 Rd7 26. b4 c6
27. Ke4 Rc7 28. Rc4 Ke6 29. a4 b6 30. a5 c5 31. a6 Rc8 32. Rc3 c4 33. b5 Rc5
34. Kd4 Rd5+ 35. Kxc4 Rc5+ 36. Kd4 Rxc3 37. Kxc3 Kxe5 38. Kd3 Kd5 0-1

[Event "Koege Lang Sommer Weekend 2020"]
[Site "Koge"]
[Date "2020.07.25"]
[Round "4"]
[White "Pawlak, Wojciech Zbignew"]
[Black "Knudsen, Martin Mosgaard"]
[Result "1/2-1/2"]
[WhiteElo "1617"]
[BlackElo "1681"]
[EventDate "2020.07.??"]
[EventType "swiss"]
[EventRounds "7"]
[EventCountry "DEN"]

1. c4 e6 2. g3 f5 3. Nc3 Nf6 4. d3 a5 5. Bg2 Be7 6. Nf3 O-O 7. O-O d6 8. b3 Qe8
9. Nb5 Na6 10. Bb2 c6 11. Nc3 Nc7 12. a3 Nh5 13. e3 e5 14. Ne2 f4 15. exf4 exf4
16. d4 Bg4 17. h3 Bxf3 18. Bxf3 fxg3 19. Nxg3 Nf4 20. Bg2 Nxg2 21. Kxg2 d5 22.
Re1 Rf6 23. Qh5 Qd7 24. Qg4 Ne6 25. Kf1 Raf8 26. cxd5 Qxd5 27. Qe4 Rxf2+ 28.
Kg1 Qxe4 29. Rxe4 Bd6 30. Rxe6 Bxg3 31. Bc3 Rc2 32. Bxa5 Rff2 33. Be1 Rg2+ 34.
Kh1 Rh2+ 35. Kg1 Rhg2+ 36. Kh1 Rh2+ 37. Kg1 Rcg2+ 38. Kf1 Rc2 39. Kg1 Rcg2+
1/2-1/2

[Event "Koege Lang Sommer Weekend 2020"]
[Site "Koge"]
[Date "2020.07.25"]
[Round "4"]
[White "Dymov, Evgenii"]
[Black "Borg, Flemming"]
[Result "1-0"]
[WhiteElo "1336"]
[BlackElo "1665"]
[EventDate "2020.07.??"]
[EventType "swiss"]
[EventRounds "7"]
[EventCountry "DEN"]

1. f4 e5 2. e4 c6 3. Nf3 exf4 4. d4 g5 5. h4 g4 6. Ne5 h5 7. Bxf4 d6 8. Nc4 Be6
9. d5 cxd5 10. exd5 Bf5 11. Qe2+ Kd7 12. Qf2 Bg6 13. Nc3 Nf6 14. O-O-O Ne8 15.
Bd3 Qf6 16. Qg3 Bh6 17. Bxh6 Rxh6 18. Rhf1 Qg7 19. Ne4 Qf8 20. Ng5 f6 21. Bxg6
Rxg6 22. Ne6 Qh6+ 23. Kb1 b5 24. Qb3 a6 25. Nb6+ 1-0

[Event "Koege Lang Sommer Weekend 2020"]
[Site "Koge"]
[Date "2020.07.25"]
[Round "4"]
[White "Petersen, Rasmus"]
[Black "Derlich, Christian"]
[Result "1-0"]
[WhiteElo "1689"]
[BlackElo "879"]
[EventDate "2020.07.??"]
[EventType "swiss"]
[EventRounds "7"]
[EventCountry "DEN"]

1. d4 d5 2. c4 e6 3. Nc3 Nf6 4. Bg5 Be7 5. cxd5 Nxd5 6. Bxe7 Qxe7 7. e3 O-O 8.
Bd3 c5 9. Nxd5 exd5 10. dxc5 Qxc5 11. Ne2 Nc6 12. O-O Bg4 13. Rc1 Qd6 14. Bb1
Rfe8 15. Qd3 Bxe2 16. Qxe2 Ne5 17. Rfd1 Re6 18. Qc2 g6 19. Qc7 Qb4 20. b3 Re7
21. Qc5 Qh4 22. Rd4 Qg5 23. Kf1 Rd7 24. Rxd5 Rxd5 25. Qxd5 Rd8 26. Qa5 b6 27.
Qc3 Qh5 28. h3 Nc6 29. Bd3 Ne5 30. Be2 Qf5 31. Kg1 Nd7 32. Qc7 Re8 33. Bg4 Qb5
34. Bxd7 Qe2 35. Bxe8 1-0

[Event "Koege Lang Sommer Weekend 2020"]
[Site "Koge"]
[Date "2020.07.25"]
[Round "4"]
[White "Olsson, Rasmus"]
[Black "Derlich, Sarah Sima"]
[Result "1-0"]
[WhiteElo "1736"]
[BlackElo "1054"]
[EventDate "2020.07.??"]
[EventType "swiss"]
[EventRounds "7"]
[EventCountry "DEN"]

1. d4 d5 2. c4 e6 3. Nc3 Nf6 4. e3 c5 5. Nf3 b6 6. cxd5 exd5 7. Be2 Be7 8. O-O
O-O 9. a4 a5 10. Ne5 Bd6 11. f3 Qc7 12. Nb5 Qe7 13. Nxd6 Qxd6 14. b3 Nbd7 15.
Nxd7 Bxd7 16. Ba3 Rfe8 17. Qd2 Nh5 18. Rac1 Qg6 19. dxc5 Bh3 20. Bd3 Qg5 21. f4
Qh4 22. gxh3 Qxh3 23. Rce1 Re6 24. Bc1 Rh6 25. Qg2 Qh4 26. Re2 Rf8 27. Rf3 f5
28. Kh1 Rff6 29. Rh3 Qg4 30. Qxd5+ Re6 31. Qg2 Qxg2+ 32. Rxg2 bxc5 33. Bc4 Kf7
34. Bxe6+ Kxe6 35. Rxg7 Kf6 36. Rg5 Nxf4 37. Rxh6+ Kxg5 38. exf4+ Kxh6 39. Kg2
Kg6 40. Be3 h5 41. h4 Kf6 42. Bxc5 Ke6 43. Bb6 Kd5 44. Kf3 Kc6 45. Bxa5 Kc5 46.
Ke3 Kd5 47. Kd3 Kc5 48. b4+ Kd5 49. Bd8 Kc6 50. Kc4 Kd7 51. Bg5 Kc6 52. a5 Kb7
53. b5 Ka7 54. Kd5 Kb7 55. Ke5 Kc7 56. Kxf5 Kd6 57. Kg6 Kc5 58. a6 Kb6 59. f5
Kc7 60. f6 Kb6 61. f7 Kc7 62. f8=Q Kb6 63. Qb8+ Ka5 64. a7 Ka4 65. a8=Q+ Kb4
66. Qe4+ Ka5 67. Bd8# 1-0

[Event "Koege Lang Sommer Weekend 2020"]
[Site "Koge"]
[Date "2020.07.25"]
[Round "4"]
[White "Petersen, Erling Hoff"]
[Black "Nielsen, Angelo"]
[Result "0-1"]
[WhiteElo "1000"]
[BlackElo "1717"]
[EventDate "2020.07.??"]
[EventType "swiss"]
[EventRounds "7"]
[EventCountry "DEN"]

1. d4 g6 2. e4 Bg7 3. Nf3 c5 4. Be3 d5 5. Bd3 c4 6. Be2 dxe4 7. Ng5 Nf6 8. Bxc4
O-O 9. O-O h6 10. Nh3 Bxh3 11. gxh3 Qc8 12. Nd2 Qxh3 13. f3 exf3 14. Qxf3 Qg4+
15. Kh1 Qxf3+ 16. Rxf3 Nc6 17. c3 e6 18. a3 a6 19. Bd3 Rad8 20. Rg3 Nd5 21. b4
Nxc3 22. Rh3 Nxd4 23. Be4 Nxe4 24. Nxe4 Nc2 25. Rc1 Nxe3 26. Rxe3 Bd4 27. Rf3
Kg7 28. Rc7 b6 29. Kg2 Rc8 30. Rd7 Rc2+ 31. Kh3 Be5 32. Nf2 h5 33. Ra7 g5 34.
Kg2 g4 35. Re3 Bd4 36. Rd3 Bxf2 37. Kf1 e5 38. Rxa6 e4 39. Rd5 Kg6 40. Rd6+ f6
41. Re6 Rd8 42. Raxb6 Rd1+ 0-1

[Event "Koege Lang Sommer Weekend 2020"]
[Site "Koge"]
[Date "2020.07.25"]
[Round "4"]
[White "Koch Mueller, Jesper"]
[Black "Haagen Larsen, Hans"]
[Result "0-1"]
[WhiteElo "1164"]
[BlackElo "1681"]
[EventDate "2020.07.??"]
[EventType "swiss"]
[EventRounds "7"]
[EventCountry "DEN"]

1. c4 e5 2. Nc3 Nc6 3. g3 g6 4. Bg2 Bg7 5. e3 f5 6. Nge2 Nf6 7. O-O O-O 8. a3
d6 9. e4 Ne7 10. d4 Nxe4 11. Nxe4 fxe4 12. Bxe4 Nf5 13. d5 a5 14. Nc3 Bd7 15.
Bg2 a4 16. Ne4 Nd4 17. Nd2 b5 18. b3 axb3 19. Nxb3 bxc4 20. Nxd4 exd4 21. Rb1
Ba4 22. Qd2 c3 23. Qd3 Rb8 24. Rb4 Rxb4 25. axb4 Qb8 26. Ba3 Bb5 27. Qc2 Bxf1
28. Bxf1 Qa8 29. Qb3 Qa7 30. Bd3 Ra8 31. Bc1 Qa1 32. Qc2 Bh6 33. Kg2 Qxc1 34.
Qe2 Qd2 35. Qe6+ Kh8 36. Qf6+ Bg7 37. Qe7 Rf8 38. Be2 Kg8 39. Qe6+ Rf7 40. Kf1
c2 41. Bg4 c1=Q+ 42. Kg2 Qxf2+ 43. Kh3 Qh6+ 0-1

[Event "Koege Lang Sommer Weekend 2020"]
[Site "Koge"]
[Date "2020.07.25"]
[Round "4"]
[White "Refsgaard, Kaj"]
[Black "Brintlev, Isak Babi"]
[Result "1-0"]
[WhiteElo "1610"]
[BlackElo "1116"]
[EventDate "2020.07.??"]
[EventType "swiss"]
[EventRounds "7"]
[EventCountry "DEN"]

1. Nf3 Nc6 2. d4 d5 3. Bf4 Nf6 4. e3 e6 5. Nbd2 Bd6 6. Bg3 Bxg3 7. hxg3 Qe7 8.
a3 e5 9. dxe5 Nxe5 10. c3 Nxf3+ 11. Nxf3 Bg4 12. Bd3 Ne4 13. Qc2 c6 14. O-O-O
Rd8 15. Bxe4 dxe4 16. Rxd8+ Kxd8 17. Nd2 Bf5 18. Qa4 a6 19. Qd4+ Kc7 20. Qxg7
Rd8 21. Rd1 Qd7 22. Qg5 Be6 23. Qe5+ Kc8 24. Qd4 Qxd4 25. cxd4 Bd5 26. Rh1 Rh8
27. Rh4 f5 28. Kc2 Kd7 29. Kc3 h5 30. Nc4 Ke6 31. Nb6 Kd6 32. Rf4 Be6 33. Nc4+
Kc7 34. Ne5 Rg8 35. Nc4 Kd7 36. Ne5+ Kd6 37. Rh4 Rh8 38. Kb4 b6 39. Rh1 c5+ 40.
Kc3 Kd5 41. Rd1 Rg8 42. Nc4 Kc6 43. dxc5 Kxc5 44. b4+ Kb5 45. Nd6+ Kc6 46. Rd4
Rd8 47. Nc4 Rd5 48. Rxd5 Bxd5 49. Kd4 b5 50. Ne5+ Kd6 51. Ng6 Bf7 52. Nf4 Be8
53. f3 exf3 54. gxf3 Bf7 55. e4 fxe4 56. fxe4 Be8 57. e5+ Kc6 58. Ke4 Kc7 59.
Kf5 Kc6 60. e6 Kd6 61. Kf6 Kc7 62. Ke7 Bc6 63. Nxh5 Bd5 64. Nf6 Bc6 65. g4 a5
66. g5 a4 67. g6 Be8 68. Kxe8 Kd6 69. Kf7 Kc7 70. e7 Kb8 71. e8=Q+ Ka7 72. Qd7+
Ka8 73. g7 Kb8 74. g8=R# 1-0

[Event "Koege Lang Sommer Weekend 2020"]
[Site "Koge"]
[Date "2020.07.25"]
[Round "4"]
[White "Molvig, Alfred"]
[Black "Gade, Jens"]
[Result "0-1"]
[WhiteElo "1000"]
[BlackElo "1502"]
[EventDate "2020.07.??"]
[EventType "swiss"]
[EventRounds "7"]
[EventCountry "DEN"]

1. d4 d5 2. Bf4 Nf6 3. e3 g6 4. Nf3 Bg7 5. Bd3 O-O 6. O-O Bg4 7. h3 Bd7 8. Nc3
a6 9. Ne5 Be8 10. Qf3 c6 11. Ne2 Nbd7 12. c4 Nxe5 13. Bxe5 dxc4 14. Bxc4 e6 15.
Nc3 Nd7 16. Bf4 Nb6 17. Bd3 Nd5 18. Nxd5 exd5 19. Rad1 Bd7 20. Bc2 Be6 21. e4
Re8 22. Rfe1 dxe4 23. Bxe4 Bxa2 24. d5 cxd5 25. Bxd5 Rxe1+ 26. Rxe1 Bxd5 27.
Qe2 Bc6 28. Rd1 Qf6 29. b3 Qxf4 0-1

[Event "Koege Lang Sommer Weekend 2020"]
[Site "Koge"]
[Date "2020.07.25"]
[Round "4"]
[White "Li, Nikolaj"]
[Black "Petersen, Daniel"]
[Result "0-1"]
[WhiteElo "1096"]
[BlackElo "1618"]
[EventDate "2020.07.??"]
[EventType "swiss"]
[EventRounds "7"]
[EventCountry "DEN"]

1. e4 c5 2. Nf3 Nc6 3. c3 e5 4. Bb5 Nf6 5. O-O d6 6. Re1 Bg4 7. d3 Be7 8. Be3
O-O 9. Nbd2 a6 10. Ba4 b5 11. Bb3 h6 12. Qc2 Rc8 13. Rad1 Qd7 14. Nf1 Bxf3 15.
gxf3 Qh3 16. Ng3 h5 17. Kh1 h4 18. Rg1 hxg3 19. Rxg3 Qd7 20. Rdg1 Nh5 21. R3g2
Kh7 22. Qd2 g6 23. Bg5 Bxg5 24. Qxg5 Qe7 25. Qg4 Nf4 26. Rg3 Kg7 27. Rd1 Rh8
28. d4 Qh4 29. Bd5 Qxh2# 0-1

[Event "Koege Lang Sommer Weekend 2020"]
[Site "Koge"]
[Date "2020.07.25"]
[Round "4"]
[White "Meskenas, Vaidas"]
[Black "Petersen, Pernille Nakskov"]
[Result "1-0"]
[WhiteElo "1297"]
[BlackElo "1000"]
[EventDate "2020.07.??"]
[EventType "swiss"]
[EventRounds "7"]
[EventCountry "DEN"]

1. e4 e5 2. Nf3 Nc6 3. d4 d5 4. dxe5 Bg4 5. Bb5 Qd7 6. exd5 O-O-O 7. Nc3 h6 8.
O-O Bb4 9. dxc6 Qxd1 10. Rxd1 Ne7 11. cxb7+ Kxb7 12. Be3 Kc8 13. Bxa7 Kb7 14.
Be3 c6 15. Bc4 Kc7 16. a3 Ba5 17. Rxd8 Kxd8 18. Rd1+ Ke8 19. b4 Bc7 20. a4 g5
21. a5 Rf8 22. a6 Bf5 23. a7 Ng6 24. a8=Q+ Ke7 25. Bc5+ Bd6 26. Qb7+ Kd8 27.
Rxd6+ Ke8 28. Qxc6+ Bd7 29. Qxd7# 1-0

[Event "Koege Lang Sommer Weekend 2020"]
[Site "Koge"]
[Date "2020.07.25"]
[Round "4"]
[White "Noori, Yusuf"]
[Black "Skjoldborg, Lasse Dahl"]
[Result "1-0"]
[WhiteElo "1000"]
[BlackElo "1188"]
[EventDate "2020.07.??"]
[EventType "swiss"]
[EventRounds "7"]
[EventCountry "DEN"]

1. d4 d5 2. c4 Nc6 3. Nc3 Nf6 4. Nf3 dxc4 5. e4 Be6 6. d5 Bxd5 7. exd5 Nb4 8.
Bxc4 c5 9. Qb3 b6 10. a3 Nbxd5 11. Bb5+ Nd7 12. Qxd5 e6 13. Bxd7+ Ke7 14. Bg5+
f6 15. Qxe6# 1-0

[Event "Koege Lang Sommer Weekend 2020"]
[Site "Koge"]
[Date "2020.07.25"]
[Round "4"]
[White "Li, Anna Sofie"]
[Black "Jensen, William Gronn"]
[Result "1-0"]
[WhiteElo "1043"]
[BlackElo "877"]
[EventDate "2020.07.??"]
[EventType "swiss"]
[EventRounds "7"]
[EventCountry "DEN"]

1. d4 d5 2. b3 Nf6 3. Bb2 Bf5 4. Nf3 e6 5. e3 Bd6 6. Nbd2 O-O 7. Bd3 Bxd3 8.
cxd3 c5 9. O-O Nc6 10. Re1 Re8 11. e4 b6 12. e5 Be7 13. exf6 Bxf6 14. Rc1 Nxd4
15. Nxd4 cxd4 16. Qg4 e5 17. Rc2 Qd6 18. Nf3 Qe6 19. Qxe6 Rxe6 20. Rec1 Ree8
21. h3 e4 22. dxe4 dxe4 23. Nxd4 h6 24. Nb5 Bxb2 25. Rxb2 Kf8 26. Nc7 Rac8 27.
Rbc2 Re7 28. Ne6+ 1-0

[Event "Koege Lang Sommer Weekend 2020"]
[Site "Koge"]
[Date "2020.07.25"]
[Round "5"]
[White "Andersen, Rune Egede"]
[Black "Nilsson, Anders"]
[Result "0-1"]
[WhiteElo "2003"]
[BlackElo "2227"]
[EventDate "2020.07.??"]
[EventType "swiss"]
[EventRounds "7"]
[EventCountry "DEN"]

1. e4 d6 2. Nf3 Nf6 3. Nc3 c6 4. e5 dxe5 5. Nxe5 Nbd7 6. Nxd7 Bxd7 7. d4 Bg4 8.
f3 Bh5 9. Bg5 e6 10. Bc4 Be7 11. Qd2 h6 12. Be3 Bg6 13. O-O-O Qa5 14. Qe1 Qc7
15. g3 b5 16. Bb3 a5 17. Bf4 Qd7 18. a4 O-O 19. h4 Nd5 20. Nxd5 cxd5 21. axb5
a4 22. Ba2 Rfc8 23. Rh2 Qxb5 24. Qe3 Ra6 25. Rdd2 Rb6 26. c3 a3 27. Qe2 axb2+
28. Rxb2 Ba3 29. Qxb5 Rxb5 30. c4 dxc4 0-1

[Event "Koege Lang Sommer Weekend 2020"]
[Site "Koge"]
[Date "2020.07.25"]
[Round "5"]
[White "Pedersen, Henrik Dahl"]
[Black "Kistrup, Nicolai"]
[Result "0-1"]
[WhiteElo "2225"]
[BlackElo "2170"]
[EventDate "2020.07.??"]
[EventType "swiss"]
[EventRounds "7"]
[EventCountry "DEN"]

1. d4 Nf6 2. Nf3 g6 3. c4 Bg7 4. Nc3 O-O 5. Bg5 d6 6. e3 h6 7. Bh4 c6 8. Be2
Qc7 9. O-O e5 10. Nd2 exd4 11. exd4 Qb6 12. Nb3 a5 13. Qd2 a4 14. c5 Qd8 15.
Nc1 dxc5 16. Qc2 a3 17. Rd1 axb2 18. Qxb2 g5 19. Bg3 cxd4 20. Qc2 Qe7 21. Rxd4
Nd5 22. Nxd5 cxd5 23. Nb3 Nc6 24. Rdd1 Bxa1 25. Rxa1 Qf6 26. Qd2 Be6 27. Rf1
Qg7 28. f4 f5 29. Bb5 d4 30. Re1 Bxb3 31. axb3 Rfe8 32. Rc1 Red8 33. Bc4+ Kh8
34. Bd3 Rd5 35. b4 gxf4 36. Bxf4 Ne5 37. Be2 Rg8 38. g3 d3 39. Bd1 Qf6 40. Kg2
Ng6 41. Bxh6 f4 42. Bb3 Re5 43. Qxd3 Nh4+ 44. Kh1 Rd8 45. Qc3 fxg3 46. hxg3 Nf3
47. Bf4 Re1+ 48. Kg2 Qxc3 49. Rxc3 Nd2 50. Bc2 Re2+ 51. Kh3 Rd7 52. Bf5 Rf7 53.
Bd3 Rf2 54. Rc8+ Kg7 55. Be5+ Kh6 56. Kg4 Rf8 57. Rc7 Rg8+ 58. Kh3 Kg5 59. Rxb7
Nf3 60. Bf4+ Kf6 61. Rb6+ Ke7 62. g4 Ng1+ 63. Kg3 Rf3+ 64. Kh2 Rxd3 65. Rb7+
Rd7 66. Rb5 Rxg4 67. Bg3 Rd2+ 0-1

[Event "Koege Lang Sommer Weekend 2020"]
[Site "Koge"]
[Date "2020.07.25"]
[Round "5"]
[White "Molvig, Julius"]
[Black "Hoi, Carsten"]
[Result "0-1"]
[WhiteElo "1955"]
[BlackElo "2335"]
[EventDate "2020.07.??"]
[EventType "swiss"]
[EventRounds "7"]
[EventCountry "DEN"]

1. d4 g6 2. Nf3 Bg7 3. g3 Nf6 4. Bg2 O-O 5. O-O d6 6. b3 e5 7. dxe5 Ng4 8. Bb2
Nc6 9. c4 dxe5 10. e3 e4 11. Nd4 Qe8 12. Ba3 Nxd4 13. Bxf8 Kxf8 14. exd4 e3 15.
Bf3 exf2+ 16. Rxf2 Nxf2 17. Kxf2 Qd8 18. Kg2 Qxd4 19. Na3 Bh3+ 20. Kxh3 Qxa1
21. Qd7 Qf6 22. Bxb7 Rd8 23. Qg4 h5 24. Qe2 Bh6 25. Qe4 Rd4 26. Qf3 Qe6+ 27.
Kg2 Rd2+ 28. Kf1 Qh3+ 29. Ke1 Qxh2 30. Qd1 0-1

[Event "Koege Lang Sommer Weekend 2020"]
[Site "Koge"]
[Date "2020.07.25"]
[Round "5"]
[White "Wahlund, Max"]
[Black "Molvig, Henrik"]
[Result "1-0"]
[WhiteElo "2124"]
[BlackElo "2075"]
[EventDate "2020.07.??"]
[EventType "swiss"]
[EventRounds "7"]
[EventCountry "DEN"]

1. d4 Nf6 2. c4 g6 3. Nc3 Bg7 4. e4 d6 5. Nf3 O-O 6. Be2 e5 7. dxe5 dxe5 8.
Qxd8 Rxd8 9. Bg5 c6 10. Nxe5 Re8 11. O-O-O Na6 12. Rd6 Nc5 13. Bxf6 Bxf6 14.
Rxf6 Rxe5 15. f4 Rxe4 16. Rd1 Rxe2 17. Nxe2 Bg4 18. Rfd6 Bxe2 19. Rd8+ Rxd8 20.
Rxd8+ Kg7 21. b3 Bg4 22. g3 a5 23. Kb2 Kf6 24. a3 Ke7 25. Rb8 Be2 26. Kc3 b5
27. cxb5 cxb5 28. b4 axb4+ 29. axb4 Ne6 30. Kd2 Bc4 31. Rb7+ Kf6 32. Ke3 h5 33.
Ke4 Nd8 34. Rb6+ Ke7 35. f5 gxf5+ 36. Kxf5 Kd7 37. Kg5 Nc6 38. Kxh5 Nxb4 39.
Kg5 Nc6 40. h4 b4 41. h5 Kc7 42. h6 Bd3 43. Rb5 Kd6 44. Kf6 Bxb5 45. h7 b3 46.
h8=Q b2 47. Qf8+ 1-0

[Event "Koege Lang Sommer Weekend 2020"]
[Site "Koge"]
[Date "2020.07.25"]
[Round "5"]
[White "Winther Jorgensen, Niclas Alexander"]
[Black "Svendsen, Mads O"]
[Result "0-1"]
[WhiteElo "1778"]
[BlackElo "1987"]
[EventDate "2020.07.??"]
[EventType "swiss"]
[EventRounds "7"]
[EventCountry "DEN"]

1. e4 c5 2. Nf3 d6 3. d4 cxd4 4. Nxd4 Nf6 5. Nc3 g6 6. Be2 Bg7 7. O-O O-O 8.
Be3 Nc6 9. Qd2 Bd7 10. Rad1 Qa5 11. Nb3 Qd8 12. Bh6 a6 13. Bxg7 Kxg7 14. a3 b5
15. Bf3 Ne5 16. Qf4 Nxf3+ 17. Qxf3 Bg4 18. Qe3 Bxd1 19. Rxd1 Qc7 20. Nd4 e6 21.
f4 h6 22. Kh1 Rfe8 23. Qg3 Qb7 24. Re1 b4 25. axb4 Qxb4 26. Nf3 Qxb2 27. Nh4
Rac8 28. Ne2 Nxe4 29. Qf3 Qb4 0-1

[Event "Koege Lang Sommer Weekend 2020"]
[Site "Koge"]
[Date "2020.07.25"]
[Round "5"]
[White "Loveid, Erik"]
[Black "Eriksson, Christian Altenburg"]
[Result "1/2-1/2"]
[WhiteElo "1844"]
[BlackElo "2119"]
[EventDate "2020.07.??"]
[EventType "swiss"]
[EventRounds "7"]
[EventCountry "DEN"]

1. d4 d5 2. c4 dxc4 3. e4 Nf6 4. e5 Nd5 5. Bxc4 Nb6 6. Bb3 Nc6 7. Nf3 Bf5 8.
Be3 e6 9. a3 Be7 10. Nc3 O-O 11. h3 Na5 12. O-O Nxb3 13. Qxb3 c6 14. Rfd1 h6
15. Rac1 Qd7 16. Nd2 Nd5 17. Nxd5 exd5 18. Qc3 Qe6 19. b4 Qg6 20. Bf4 Rae8 21.
Kh2 Kh8 22. Nb3 Bc8 23. Nc5 Qh5 24. Kg1 g5 25. Bg3 Rg8 26. Nd3 Bf5 27. f3 Qg6
28. Bf2 h5 29. g4 hxg4 30. hxg4 Bc8 31. Kg2 Kg7 32. Bg3 Rh8 33. Rh1 Rxh1 34.
Rxh1 Rh8 35. Rxh8 Kxh8 36. a4 a6 37. a5 Kg8 38. Qd2 Kg7 39. Qc3 Kf8 40. Qd2 Ke8
41. Qc3 Qe6 42. Nc5 Qg6 43. Nd3 Kd8 44. Qd2 Qg8 45. Qe3 Be6 46. Qd2 Kc7 47. Nc5
Qg6 48. Nd3 Kc8 49. Qc3 Kb8 50. Qd2 Qg8 51. Qc3 Qd8 52. Nc5 Ka7 53. Na4 Qf8 54.
Nc5 Qd8 55. Na4 Qf8 1/2-1/2

[Event "Koege Lang Sommer Weekend 2020"]
[Site "Koge"]
[Date "2020.07.25"]
[Round "5"]
[White "Gregor, Bjarke"]
[Black "Petersen, Rasmus"]
[Result "1/2-1/2"]
[WhiteElo "2081"]
[BlackElo "1689"]
[EventDate "2020.07.??"]
[EventType "swiss"]
[EventRounds "7"]
[EventCountry "DEN"]

1. e4 d6 2. d4 Nf6 3. Nc3 g6 4. Nf3 Bg7 5. h3 O-O 6. Be3 c6 7. a4 Nbd7 8. e5
Nd5 9. Nxd5 cxd5 10. e6 fxe6 11. Ng5 Nf6 12. h4 e5 13. h5 Ne4 14. hxg6 hxg6 15.
Nxe4 dxe4 16. dxe5 Qa5+ 17. c3 Qxe5 18. Bc4+ Be6 19. Bd4 Qf5 20. g4 Qf7 21.
Bxe6 Qxe6 22. Bxg7 Kxg7 23. Qd4+ Qf6 24. O-O-O Qxd4 25. Rxd4 Rf4 26. Re1 Rxg4
27. Rdxe4 Rxe4 28. Rxe4 Kf6 29. Kd2 Rc8 30. a5 a6 31. Rb4 Rc7 32. Ke3 Ke5 33.
Re4+ Kf5 34. Rf4+ Ke5 35. Re4+ Kf5 36. Rf4+ Ke5 37. c4 d5 38. cxd5 Kxd5 39. Rg4
Rc6 40. Rb4 Rc7 41. Rb6 Kc5 42. Rxg6 Kb4 43. Rg5 Kb3 44. Kd4 Kb4 45. Re5 e6 46.
f4 Rc6 47. f5 exf5 48. Rxf5 Rc7 49. Rg5 Kb3 50. Kd5 Kxb2 51. Rg3 Rh7 52. Kc5
Rh5+ 53. Kb4 Rb5+ 54. Ka4 Kc2 55. Rh3 Kb2 56. Rg3 Kc2 57. Rh3 Kb2 58. Rg3
1/2-1/2

[Event "Koege Lang Sommer Weekend 2020"]
[Site "Koge"]
[Date "2020.07.25"]
[Round "5"]
[White "Meskenas, Paulius"]
[Black "Dymov, Evgenii"]
[Result "1-0"]
[WhiteElo "2027"]
[BlackElo "1336"]
[EventDate "2020.07.??"]
[EventType "swiss"]
[EventRounds "7"]
[EventCountry "DEN"]

1. e4 e5 2. Nf3 f5 3. Bc4 fxe4 4. Nxe5 Qg5 5. Ng4 d5 6. Be2 Bxg4 7. Bxg4 Nf6 8.
Bh3 Nbd7 9. d4 Qg6 10. Bf4 Bd6 11. Bxd6 cxd6 12. Nc3 a6 13. O-O O-O 14. Bxd7
Nxd7 15. Nxd5 Rf7 16. c4 Nf6 17. Nxf6+ Rxf6 18. Qb3 Qf7 19. Rae1 Re8 20. d5 Re7
21. Qb6 h5 22. Re2 Rg6 23. f3 Rf6 24. Rff2 Qg6 25. Qd4 Rf4 26. Qd2 e3 27. Rxe3
Rxe3 28. Qxe3 Rxc4 29. Qb3 Rc7 30. Re2 Qg5 31. g3 h4 32. Kg2 Qh5 33. g4 Qg5 34.
Qd3 g6 35. Re8+ Kh7 36. Qd4 Rg7 37. Kh3 Qc1 38. Kxh4 Qh1 39. Kg3 Qc1 40. h4 Qc2
41. a3 b5 42. g5 Qf5 43. Re6 Qf8 44. h5 gxh5 45. Qe4+ 1-0

[Event "Koege Lang Sommer Weekend 2020"]
[Site "Koge"]
[Date "2020.07.25"]
[Round "5"]
[White "Saravana, Vedant Kumar"]
[Black "Koch Mueller, Oscar"]
[Result "0-1"]
[WhiteElo "1718"]
[BlackElo "1939"]
[EventDate "2020.07.??"]
[EventType "swiss"]
[EventRounds "7"]
[EventCountry "DEN"]

1. e4 e6 2. d4 d5 3. Nc3 Bb4 4. e5 c5 5. Nf3 Nc6 6. a3 Bxc3+ 7. bxc3 Nge7 8. a4
Qa5 9. Bd2 Qc7 10. Be2 Nf5 11. g4 Nfe7 12. O-O h5 13. h3 hxg4 14. hxg4 Bd7 15.
Kg2 O-O-O 16. Bf4 Ng6 17. Bg3 Rdf8 18. c4 cxd4 19. cxd5 Qd8 20. dxc6 Bxc6 21.
Kg1 Qg5 22. Nh2 Rxh2 23. Bxh2 Rh8 24. Bf3 Qh4 25. Re1 Qxh2+ 26. Kf1 Qh3+ 0-1

[Event "Koege Lang Sommer Weekend 2020"]
[Site "Koge"]
[Date "2020.07.25"]
[Round "5"]
[White "Leonhardsen, Vebjorn Maanum"]
[Black "Jarlskov, Daniel Tuk Hartso"]
[Result "1-0"]
[WhiteElo "1836"]
[BlackElo "1770"]
[EventDate "2020.07.??"]
[EventType "swiss"]
[EventRounds "7"]
[EventCountry "DEN"]

1. d4 d5 2. c4 c6 3. Nf3 Bf5 4. Nc3 e6 5. e3 Nd7 6. Bd3 Bg6 7. O-O Ngf6 8. Qe2
Rc8 9. e4 dxe4 10. Nxe4 Nxe4 11. Bxe4 Nf6 12. Bxg6 hxg6 13. Bg5 Qc7 14. Rfd1
Bd6 15. g3 c5 16. b3 cxd4 17. Bxf6 gxf6 18. Nxd4 a6 19. Rd3 f5 20. Nxe6 fxe6
21. Qxe6+ Be7 22. Qxg6+ Kf8 23. Qxf5+ Kg7 24. Rd7 Rh5 25. Rxc7 Rxf5 26. Rxc8
Bc5 27. Rxc5 1-0